Catálogo
 En Linea

Álbum del comendador Moreno del Christo / (Registro nro. 33212)

Detalles MARC
000 -CABECERA
campo de control de longitud fija 00545nam a2200157 a 4500
001 - NÚMERO DE CONTROL
campo de control 000033721
005 - FECHA Y HORA DE LA ÚLTIMA TRANSACCIÓN
campo de control 20200930070453.0
008 - DATOS DE LONGITUD FIJA--INFORMACIÓN GENERAL
campo de control de longitud fija 110907s1891 fr c 000 0 spa d
040 ## - FUENTE DE LA CATALOGACIÓN
Centro catalogador/agencia de origen DO-SdBNP
Lengua de catalogación spa
Centro/agencia transcriptor BNPHU
082 ## - NÚMERO DE LA CLASIFICACIÓN DECIMAL DEWEY
Número de clasificación xxx
Número de documento/Ítem M843, 1891
100 1# - ENTRADA PRINCIPAL--NOMBRE DE PERSONA
Nombre de persona Moreno del Christo, Gabriel B.
9 (RLIN) 59165
245 10 - MENCIÓN DE TÍTULO
Título Álbum del comendador Moreno del Christo /
Mención de responsabilidad, etc. Gabriel B. Moreno del Christo.
250 ## - MENCIÓN DE EDICIÓN
Mención de edición 4 ed. mejorada, aumentada y adornada con finos grabados
260 ## - PUBLICACIÓN, DISTRIBUCIÓN, ETC.
Lugar de publicación, distribución, etc. París :
Nombre del editor, distribuidor, etc. Imprenta de P. Mouillot,
Fecha de publicación, distribución, etc. 1891.
300 ## - DESCRIPCIÓN FÍSICA
Extensión 263 p. :
Otras características físicas retr. ;
Dimensiones 23 cm.
Existencias
Estado de retiro Estado de pérdida Restricciones de uso No para préstamo Código de colección Localización permanente Ubicación/localización actual Ubicación en estantería Fecha de adquisición Número de inventario Total de préstamos Signatura topográfica completa Código de barras Fecha visto por última vez Precio válido a partir de Tipo de ítem Koha
      Excluido de préstamo Raros y valiosos General General En catalogación 07.09.2011 LF1   xxx M843, 1891 33721-10 25.06.2020 25.06.2020 No se presta

Con tecnología Koha